[Event "EU-chT (Men) 15th"]
[Site "Gothenburg"]
[Date "2005.07.31"]
[Round "2.3"]
[White "Kveinys, Aloyzas"]
[Black "Pantsulaia, Levan"]
[Result "1/2-1/2"]
[WhiteElo "2510"]
[BlackElo "2510"]
[Annotator "Stohl,I"]
[PlyCount "112"]
[EventDate "2005.07.30"]
[EventType "team-swiss"]
[EventRounds "9"]
[EventCountry "SWE"]
[SourceTitle "CBM 109"]
[Source "ChessBase"]
[SourceDate "2005.11.14"]
[SourceVersion "1"]
[SourceVersionDate "2005.11.14"]
[SourceQuality "1"]
[WhiteTeam "Lithuania"]
[BlackTeam "Georgia"]
[WhiteTeamCountry "LTU"]
[BlackTeamCountry "GEO"]

1. Nf3 c5 2. c4 Nf6 3. Nc3 e6 4. g3 b6 5. Bg2 Bb7 6. O-O d6 7. Re1 a6 8. e4
Nbd7 ({>> development with} 8... Be7 $142 9. d4 cxd4 10. Nxd4 Qc7 {is a more
usual and safer continuation, which takes the sting out of the following
sacrifice.}) 9. d4 cxd4 10. Nxd4 Qc7 (10... Be7 $2 11. e5 $16 {/+-}) 11. Nd5 $1
{[%mdl 512] White can profit from Black's move-order with an ambitious
sacrifice.} (11. Be3 {/\ transposes to the main lines.} Qxc4 $2 12. Rc1 Qb4 13.
e5 $5 (13. Nb3 Nc5 $13) (13. Qe2 $44) 13... Bxg2 14. exf6 Bb7 15. fxg7 Bxg7 16.
Nf5 Be5 17. a3 Qxb2 18. Nxd6+ Bxd6 19. Qxd6 $40) 11... exd5 {Declining the
sacrifice is no less dangerous:} (11... Qxc4 12. Bg5 $5 exd5 (12... Nxe4 $2 13.
Bxe4 Bxd5 14. Bxd5 Qxd5 15. Nxe6 $1 Qxd1 16. Nxg7#) (12... exd5) (12... Nxd5
13. exd5 e5 14. Nc6 $32 {|^}) 13. exd5+ Ne5 (13... Kd8 14. Nc6+ Bxc6 15. dxc6
Nc5 16. c7+ $18) (13... Be7 14. Nf5 Ne5 15. Bxf6 gxf6 16. Rc1 $18 {[%cal Rc1c7]
/\Rc7->}) 14. f4 $40) 12. exd5+ Ne5 $5 {A reasonable practical decision, Black
returns the piece to get his K into safety.} (12... Be7 $6 13. Nf5 Ne5 $8 (
13... Ng8 14. Bf4 $1 $18 {[%cal Rf4d6,Re1e7] /\Bd6,Re7!}) 14. Nxe7 Qxe7 15. f4
Nfd7 16. fxe5 Nxe5 17. Be3 Qc7 18. Qa4+ $16) (12... Kd8 {is the main try:}) (
12... Kd8 {The logical follow-up is} 13. Nc6+ (13. Bf4 $5 {deserves more
attention.} Ne5 (13... h6 $6 14. Nc6+ Bxc6 15. dxc6 Nc5 16. b4 Ne6 17. Be5 Be7
18. c5 bxc5 19. bxc5 Nxc5 20. Rb1 Rb8 21. Qd2 Rxb1 22. Rxb1 Ke8 23. Bd4 Ne6 24.
Rb7 Qc8 25. Bxf6 gxf6 26. Qb4 $36 {Loeffler,S-Felsberger,A/AUT-chT/1999/}) 14.
Bxe5 dxe5 15. d6 Qd7 16. Bxb7 Qxb7 17. Rxe5 Rc8 18. Nf5 $2 (18. Qd3 $142 $1 {
/\Rae1,Re7} Rc5 19. Rae1 $32 {[%csl Rf8,Rh8] and it's difficult for Black to
get out his B and Rh8.}) 18... Rc5 19. Rxc5 bxc5 20. Qd2 Ne4 21. Qf4 (21. Qa5+
Kd7 22. Rd1 g6 23. Ne3 Bg7 $17) 21... g6 22. Ne7 Bg7 23. Rd1 f5 24. f3 Bd4+ 25.
Rxd4 cxd4 26. Qe5 Re8 27. fxe4 Qxe4 28. Qa5+ Kd7 29. Qc7+ Ke6 30. c5 d3 $19 {
Wells,P-Bischoff,K/Bad Woerishofen op/1989/}) 13... Bxc6 (13... Kc8 14. Bg5 $1
{[%cal Rg5f6,Rg2h3] /\Bf6,Bh3} Bxc6 15. dxc6 Ne5 16. b4 $40) 14. dxc6 Nc5 15.
b4 Ne6 16. Bb2 $5 (16. c5 $143 bxc5 (16... Be7 $2 17. cxb6 Qxb6 18. Be3 Qxb4
19. Rb1 Qc4 20. c7+ Kd7 21. Rc1 Qxc1 22. Qa4+ {1-0,Wojtkiewicz,A-Kalesis,N/
Komotini/1993/}) (16... b5 17. a4 $40) 17. bxc5 {However, 16.c5 seems
premature due to} Be7 $1 (17... d5 $2 18. Bxd5 Nxd5 19. Qxd5+ Ke8 20. Bf4 Rd8
21. Qxe6+ fxe6 22. Bxc7 Rc8 23. Bd6 Rxc6 24. Rxe6+ Kd7 25. Rae1 $18 {
Wojtkiewicz,A-Meinsohn,F/Geneve/1992/}) (17... Kc8 $2 18. Rb1 Rb8 (18... dxc5
19. Bf4 $1 Nxf4 20. gxf4 $18 {[%cal Rg2h3] /\Bh3}) (18... Nxc5 19. Rb7 $1 $18)
19. Rb7 Rxb7 20. cxb7+ Kb8 21. c6 $1 (21. Qa4 Qxc5 22. Qxa6 Qa7 23. Qc6 Qc5 24.
Qa4 Qa7 25. Qc4 Qc5 26. Qd3 (26. Qb3 $1 d5 27. Bb2 Ng4 28. Re2 $44) 26... Qd4 {
Cvitan,O-Foisor,O/Biel/1990/} 27. Qa6 Qa7 $11) 21... Be7 (21... d5 22. Rxe6
fxe6 23. Qa4 Nd7 24. Bf4 e5 25. cxd7 Bc5 26. Bg5 Ba7 {Poluljahov,A-Beshukov,S/
Anapa/1991/} 27. Be7 $1 {[%cal Ra4a6] /\Qa6+-} (27. d8=Q+ $2 Rxd8 28. Bxd8 Qc1+
29. Bf1 Qc5 $15)) 22. Bf4 $1 {Cifuentes;De Zeeuw} Rd8 (22... Nxf4 23. Qa4 $1 a5
(23... Ka7 24. Bf1 Nh3+ 25. Kg2 $5 Qb6 26. Kxh3 Nd5 27. Bg2 $18) 24. Qxf4 {
[%cal Rf4c4] /\Qc4+-}) 23. Qa4 Qb6 24. Be3 Qb5 25. Qxb5 axb5 26. Bb6 Ne8 $8 27.
a4 $5 $16 (27. Re3 $16)) 18. Rb1 (18. Rxe6 fxe6 19. Bf4 Ne8 20. Qd2 Rf8 $1 $15
{/\Rf4}) 18... Rb8 19. cxd6 Bxd6 20. Rxb8+ Qxb8 21. Re2 Ne8 $2 (21... Ke7 $142
$1 22. Rb2 Qc8 23. Rb7+ Nc7 $15 {Cifuentes;De Zeeuw - White is hard pressed to
prove compensation, as Black manages to get out his R.}) 22. Rb2 Qc8 23. Rb7
N6c7 24. Bg5+ f6 25. Bf4 Ke7 26. Bh3 Qd8 {[%cal Rd1b3,Rb7b8,Rh3d7] Wojtkiewicz,
A-Oei,H/Soest/1996/} 27. Be3 $1 {Cifuentes;De Zeeuw,/\Qb3,Rb8,Bd7->}) ({
The problem is that White has strong positional compensation even without
resorting to undue violence:} 16. Be3 $5 Be7 17. a4 Ke8 18. a5 bxa5 19. bxa5
Kf8 20. Bb6 Qc8 21. c7 g6 22. Bc6 Kg7 23. Qf3 Nd7 24. Qd5 $16 {Maus,
S-Michaelsen,N/Travemuende op/1992/ M}) 16... Be7 17. f4 g6 18. Qf3 Rg8 19. Bh3
$36 Ng7 20. Re2 Nge8 21. Rae1 Ra7 22. Rxe7 Qxe7 23. Rxe7 Rxe7 24. c5 bxc5 25.
bxc5 Ne4 26. cxd6 N8xd6 27. Qa3 Ke8 28. Be5 {1-0,Nikcevic,B-De Sousa,J/Paris
op/1994/}) 13. f4 O-O-O 14. fxe5 dxe5 15. Nf5 (15. Nf3 Bd6 (15... Ng4 16. Bh3
$16) (15... e4 16. Bf4 Bd6 (16... Qxc4 17. Bh3+ (17. Rc1 $2 Bc5+ 18. Nd4 Qxd5
19. Bh3+ Rd7 $1 $15) 17... Nd7 (17... Rd7 18. Ne5 $16 (18. d6 $5 $40)) 18. Rc1
Bc5+ 19. Be3 $1 Qxd5 (19... Qb5 20. Ne5 $18) 20. Bxc5 Qxd1 (20... bxc5 21. Qxd5
Bxd5 22. Rxc5+ $18)) 17. Bxd6 Rxd6 18. Nd2 $16) 16. Be3 Kb8 $5 $14 {[%cal
Yf6g4] <=>,/\Ng4} (16... Ng4 17. Bh3 h5 18. Qb3 $36)) 15... h5 $5 $146 {
[%cal Yf6g4] With this move Black tries to fight for the dark squares by
preparing Ng4, it also furthers his >><=>.} (15... Bc5+ $143 $6 16. Be3 g6 17.
Bxc5 Qxc5+ 18. Ne3 h5 19. Qd2 h4 (19... a5 $142 $16) 20. b4 Qd4 21. Rad1 hxg3
22. hxg3 Qxd2 23. Rxd2 Nh5 24. c5 Kb8 25. Nc4 $18 {[%csl Gc5,Gd5] o^,
Yermolinsky,A-Shabalov,A/USA-ch plof/1994/}) (15... Qxc4 16. Be3 $32 {[%csl
Rf8,Rh8] is fraught with danger due to White's lead in development:} Kb8 17.
Rc1 (17. d6 Bxg2 18. Bxb6 Bb7 $5 19. Rc1 Qe6 20. Bxd8 Qxf5 $15) (17. Bxb6 Bc5+
18. Bxc5 Qxc5+ $15) 17... Qb5 (17... Qb4 18. a3 Qb5 19. d6 {is similar}) 18. d6
$1 (18. a4 Qb4 $13) 18... Bxg2 19. Kxg2 Rd7 (19... g6 $2 20. Bg5 $18) (19...
Qd5+ 20. Kg1 Qxd1 21. Rexd1 $36) (19... Qd7 20. Qf3 $40) 20. Kg1 $5 $44 {|^})
16. Be3 {This allows Black to realize his plan.} (16. h3 $142 $1 {/\Be3
deserved serious attention}) 16... Ng4 {[%cal Rg7g6] /\g6} 17. Rc1 Nxe3 (17...
g6 18. c5 $5 (18. h3 gxf5 19. hxg4 hxg4 20. Qc2 $13) 18... bxc5 (18... Nxe3 19.
Nxe3 bxc5 20. Nc4 $44 {->}) 19. d6 Bxd6 20. Bxb7+ Kxb7 21. Qf3+ $44 {[%csl Rb7]
ע}) (17... Bc5 $5) 18. Nxe3 Bc5 $13 19. a3 a5 20. Kh1 (20. Qd2 a4 21. Qc2 Qd7
$15) 20... g6 {Does Black really need this move?} (20... h4 21. g4 Kb8 $13 {
[%csl Gc5] /=/+ seems more logical, with the strong Bc5 Black can be better.} (
21... h3 $5)) 21. Rb1 h4 22. b4 $5 {Kveinys decides to ignore Black's play.} (
22. g4 h3 23. Be4 Kb8 $13 {makes it more difficult for White to advance his
<<P, but the same goes for Black's >>P.}) 22... axb4 23. axb4 Bxe3 (23... Bd4
24. g4 $5 h3 25. Be4 $14) 24. Rxe3 hxg3 25. Rxg3 (25. Qg4+ $6 f5 26. Qxg3 e4
$36 {In an _|_ Black's [+]o^ are strong, while White's phalanx can be broken
up with a timely b5.}) (25. c5 $2 Rxh2+ 26. Kg1 Rxg2+ 27. Kxg2 Rxd5 $19) 25...
e4 26. Kg1 (26. Qg4+ Kb8 27. Rf1 f5 $15) 26... f5 27. Qd4 Rh7 (27... f4 $2 28.
Rh3 $1 Rxh3 29. Bxh3+ Kb8 30. Qxe4 $16) (27... Kb8 {[%cal Rf5f4,Rb6b5] /\b5,f4}
28. Rxg6 Qxh2+ 29. Kf1 {is similar to the game.}) (27... Rh6 28. Rd1 $13 {
[%cal Rd5d6] /\d6}) 28. Rxg6 $5 {[%mdl 64] Now both K will be fully exposed
and the tactical tension increases.} Qxh2+ {[%csl Rc8,Rg1]} 29. Kf1 Rh4 (29...
Rd6 30. Qf2 $5 $14 (30. Rg8+ Kc7 31. c5 Qf4+ 32. Ke1 Rxd5 33. cxb6+ Kd7 $17)) (
29... b5 $142 $5 30. Qf2 $13 (30. Qc5+ $2 Rc7 31. Qxb5 Qf4+ 32. Ke2 Bxd5 $1 $40
) (30. d6 $5)) 30. Qxb6 e3 31. Rc6+ {This gives White only a draw, but even
the better} (31. Qxe3 $142 {is insufficient for an advantage:} Qf4+ $5 {
is the safest, leading to a drawish _|_ after} (31... Rf4+ 32. Bf3 (32. Ke1
Rxc4 $14) 32... Rxc4 33. Qe6+ Kb8 34. Qb6 Qc7 $14) 32. Qxf4 Rxf4+ 33. Ke2 Rxc4
34. Kd3 Rh4 $11) 31... Bxc6 32. Qxc6+ (32. dxc6 $4 Qf4+) 32... Qc7 33. Qa6+ Kb8
34. Qb5+ Kc8 35. Qa6+ Kb8 36. Qb5+ Qb7 $6 {[%mdl 4096] Black wants to win, but
he is playing with fire. In the _|_ White's P will be very dangerous.} (36...
Kc8 37. Qa6+ $11) 37. Qxb7+ Kxb7 38. d6+ Kc8 39. c5 $44 {[%csl Gb4,Gc5,Gd6]}
Rf4+ 40. Ke1 Rg8 41. Rb2 Rgg4 (41... Rfg4 $5 42. Bf1 Rg1 43. Ra2 $36) 42. Ra2
$1 {Now it's White's turn to try his luck.} (42. c6 Rd4 (42... Rxb4 43. Rxb4
Rxb4 44. Bd5 Rb1+ 45. Ke2 Rc1 $8 46. Kxe3 Kd8 47. Kf4 Rc5 $11) (42... Rf2 43.
Bf1 $1 Kd8 44. Rxf2 exf2+ 45. Kxf2 Rf4+ $1 46. Kg2 Rg4+ 47. Kf3 Rxb4 48. Ba6
Rb3+ 49. Kf4 Rc3 50. Bb7 Rc5 51. Kg5 Ke8 $11) 43. Ra2 (43. d7+ Kc7 (43... Kd8
44. Ra2 $16) 44. b5 (44. Ra2 Rxg2 $1 $15) 44... Rb4 45. b6+ Kd8 46. Rxb4 Rxb4
47. c7+ Kxd7 48. Bb7 Rc4 49. Ke2 f4 50. Kf3 Rc2 51. Ba6 $11) 43... Rxd6 44.
Ra8+ Kc7 45. Ra7+ Kb8 46. Ra8+ $1 $11) 42... Rxb4 43. Bc6 Rgd4 44. Ra8+ Rb8 45.
Ra7 Rb1+ 46. Ke2 Rb2+ (46... f4 47. Re7 Rb2+ 48. Kf3 Rf2+ 49. Kg4 f3+ 50. Kf5
$18) 47. Kxe3 Rdb4 48. Bd5 (48. Re7 R2b3+ {and White's K can't hide.}) 48...
f4+ 49. Kf3 Rd4 50. Be6+ $6 (50. Be4 Rb3+ 51. Kxf4 Rbb4 52. Re7 Rbc4 $11) (50.
Bc6 $1 Rb3+ 51. Kg4 {/\ keeps the K trapped in a mating net:} f3+ 52. Kg3 Rdb4
53. Rh7 (53. Bxf3 Rc4 $11) 53... f2+ 54. Kh2 $1 f1=N+ 55. Kh1 Ng3+ 56. Kg2 Rb2+
57. Kh3 $19) 50... Kb8 51. Rc7 Rc2 52. Rc8+ Kb7 53. d7 Rc3+ 54. Kg4 f3+ 55. Kg3
Rd2 $1 {Now Black's P is dangerous and he draws with ease.} 56. Bd5+ (56. d8=Q
$4 f2+ 57. Kg2 f1=Q+ $1 58. Kxf1 Rc1#) (56. d8=N+ Ka6 57. Ra8+ Kb5 58. Rb8+ $11
) 56... Rxd5 (56... Rxd5 57. d8=Q Rxd8 58. Rxd8 Rxc5 59. Kxf3 $11) 1/2-1/2

[Event "EU-Cup 13th Group3"]
[Site "Slough"]
[Date "1997.09.23"]
[Round "2"]
[White "Agdestein, Espen"]
[Black "Adams, Michael"]
[Result "0-1"]
[WhiteElo "2375"]
[BlackElo "2680"]
[Annotator "Stohl,I"]
[PlyCount "72"]
[EventDate "1997.09.22"]
[EventType "team-k.o."]
[EventRounds "3"]
[EventCountry "ENG"]
[SourceTitle "CBM 062"]
[Source "ChessBase"]
[SourceDate "1998.01.31"]
[SourceVersion "1"]
[SourceVersionDate "1998.01.31"]
[SourceQuality "1"]
[WhiteTeam "Oslo Schakselkap"]
[BlackTeam "Slough Chess Club"]
[WhiteTeamCountry "NOR"]
[BlackTeamCountry "ENG"]

1. Nf3 Nf6 2. c4 e6 3. g3 b6 4. Bg2 Bb7 5. O-O c5 6. Nc3 Be7 7. d4 cxd4 8. Qxd4
d6 9. Rd1 a6 10. Ng5 {A rather harmless continuation, as exchanges ease
Black's defensive task.} ({A more promising try to gain an advantage is} 10. e4
) 10... Bxg2 11. Kxg2 O-O ({Black has also an alternative way to equality:} 
11... Nc6 12. Qf4 O-O (12... Ra7 13. Nce4 (13. Nge4 Rd7 14. Be3 Ne5 15. Nxf6+
Bxf6 16. Na4 Qa8+ 17. Kg1 (17. f3 $5 Qc6 18. Nxb6 Rb7 19. c5 dxc5 20. Nc4 Nxc4
21. Qxc4 Bxb2 22. Rab1 O-O 23. Qxc5 Qa4 24. Rd3 Rb5 25. Qc6 Bf6 26. Rxb5 $11 {
1/2,Horvath,T-Schneider,A/HUN-ch/1984/}) 17... Qc6 18. Nxb6 Rb7 19. c5 dxc5 20.
Nc4 Nxc4 21. Qxc4 Bxb2 22. Rab1 O-O 23. Qxc5 Qa4 24. Rd2 Rb5 25. Qc6 {Kasparov,
G-Ribli,Z/Skelleftea WCup/1989/} Bc3 $1 $11) 13... Rd7 14. Nxf6+ Bxf6 15. Nxh7
Rxh7 16. Qe4 Rh5 17. Qxc6 Rc5 18. Qa4 Qa8+ 19. Kg1 Qc6 $1 20. Qa3 Ra5 21. Qb3
Rc5 22. Bf4 g5 23. Be3 Rxc4 24. Qd3 Qe4 $11 {1/2,Ribli,Z-Wahls,M/BL/1988/ (36)}
) 13. b3 Ra7 14. Nge4 (14. Bb2 Qa8 (14... h6 15. Nge4 Rd7 16. Rab1 Nxe4 17.
Qxe4 Qc8 18. f4 Re8 19. Qf3 Qb7 20. a4 Na5 21. Bc1 Rc8 22. Qxb7 Nxb7 23. Be3
Rc6 24. Rdc1 Bf6 25. Ne4 Bd8 26. b4 $14 {(),Krasenkov,M-Brodsky,M/Rostov op/
1993/}) 15. Kg1 h6 16. Nge4 Rd8 17. Qe3 Qb8 18. Rac1 b5 $132 {Ribli,Z-Ftacnik,
L/Dubai olm/1986/}) 14... Rd7 15. Bb2 d5 (15... Qb8 16. Rd2 Rfd8 17. Rad1 b5
18. Ba1 h6 19. f3 Na5 20. cxb5 axb5 21. Nxf6+ Bxf6 22. Qb4 $14 {[%csl Rb5]
><b5,Popov,V-Gabdushev,R/St.Petersburg Chigorin/1997/}) 16. cxd5 Nxd5 17. Nxd5
Rxd5 18. Nc3 Rxd1 19. Rxd1 $11 {1/2,Fischer,R-Krallmann,M/Schoeneck-tt/1997/})
12. Nce4 Ra7 ({More ambitious, but also more risky is} 12... Ne8 $5 13. Qd3 g6
14. h4 Nd7 15. b3 Nc5 16. Qe3 Nxe4 17. Nxe4 Ng7 18. Bb2 Nf5 19. Qc3 f6 20. h5
gxh5 21. Rh1 Qe8 22. Ng5 Ng7 23. Rad1 Rc8 24. Qd4 b5 25. Ne4 bxc4 26. bxc4 Qc6
27. Rc1 $44 {Jirovsky,M-Ftacnik,L/CZE-chT/1994/}) 13. Qd3 (13. Nxf6+ Bxf6 14.
Qe3 (14. Qg4 Be7 15. h4 Nd7 16. b3 Nf6 17. Qf3 Rd7 18. Bb2 Qa8 19. Rac1 Qxf3+
20. Nxf3 Rc8 21. Bd4 Rc6 22. Be3 Rb7 23. Ne1 Rc8 24. Bg5 Rd7 25. Nd3 h6 26. Be3
Rb7 $11 {Adorjan,A-Lau,R/Plovdiv EUchT/1983/}) 14... Rd7 15. Ne4 Be7 16. Qf3
$11 {[%csl Rb6,Rd6][%cal Yb6b5,Yd6d5] 1/2,Taimanov,M-Csom,I/Titograd/1984/
With only two pairs of minor pieces on the board White's chances of utilizing
his space advantage and building up pressure against Black's potential
weaknesses are very small. In fact, it's Black who often manages to free
himself completely with a timely d6-d5 or b6-b5 break.}) 13... Nxe4 14. Nxe4
Rd7 (14... Nc6 15. Bf4 d5 16. cxd5 Nb4 17. Qf3 Nxd5 18. Be5 Qa8 19. Rac1 Rd8
20. Nc3 Nxc3 21. Rxd8+ Bxd8 22. Rxc3 b5 23. Rc6 Rd7 24. Rd6 Qxf3+ 25. Kxf3 Rxd6
26. Bxd6 f5 27. h4 $11 {1/2,Fauland,A-Csom,I/Budapest Elekes/1990/}) 15. Nc3
$146 {White takes b5 and d5 under control, but also loses time.} (15. Bf4 Qc8 (
15... d5 16. cxd5 Rxd5 17. Qc2 $14 {[%csl Rb8][%cal Gc2c8,Gd1d7] <->c,d,><b8})
16. Rac1 Rfd8 17. Qf3 Qb7 18. Rd2 Nc6 19. h4 h6 20. Kg1 Na5 21. b4 Nxc4 $1 22.
Rxc4 d5 $11 {Csom,I-Ermenkov,E/EU-chT Plovdiv/1983/}) 15... Qc8 16. Bd2 (16.
Bf4 $6 Qc6+ 17. f3 Rc8 $36 {[%csl Rc4] ><c4}) (16. b3 $142 Nc6 17. Bf4 Bf6 18.
Rac1 $11) 16... Nc6 $1 (16... Qc6+ 17. f3 Rc8 18. b3 $11) 17. Qe4 Ne5 18. b3
Re8 (18... f5 $142 $5 $36) 19. Rac1 $2 {Now the initiative quickly passes on
to Black.} (19. Kg1 $142 {/\} f5 20. Qg2 $13) 19... f5 $1 20. Qb1 Qb7+ 21. Kg1
Bf6 $5 (21... b5 22. f4 Ng4 23. cxb5 axb5 24. Qd3 $132) 22. a4 g5 $1 $40 {
[%csl Rg1][%cal Rb7h1] עg1,/^h1-a8 A remarkable attacking concept in hedgehog
positions. Black starts a >> pawn storm, which is surprisingly efficient. It's
because Black controls the weakened long diagonal and there are no pieces
around White's deserted K. Also White has no effective counterplay in the [+]
or on the <<.} 23. Be3 (23. f3 g4 $1 24. fxg4 (24. f4 Nf3+ $1 25. exf3 Bd4+ $19
) 24... Nxg4 $17) 23... h5 24. Bd4 h4 25. Bxe5 {It's already White who
logically seaks salvation in exchanges.} Bxe5 26. g4 $6 {Now Black's attack
gets too powerful.} ({White should have tried to transfer his pieces to the >>:
} 26. Qd3 $142 hxg3 27. hxg3 g4 (27... Rh7 28. Qf3 $15) 28. e4 $5 Rh7 $40 (
28... f4 $5 $15) (28... Bxc3 $2 29. Rxc3 fxe4 (29... Qxe4 30. Qxe4 fxe4 31. Re3
$14) 30. Qe2 $13)) 26... h3 $1 (26... fxg4 $6 27. Qg6+ Kf8 28. Qxg5 h3 29. e4
$15 {[%csl Rf8] <=>עf8}) 27. f3 $8 (27. e4 fxg4 $19) 27... Rg7 $1 {/\fg4} (
27... fxg4 $5 28. Qg6+ Kf8 $40) 28. e4 (28. gxf5 g4 29. Qe4 gxf3+ 30. Kf2 Rg2+
31. Kxf3 Qf7 $19 {->}) 28... fxg4 29. fxg4 Rf8 30. Rd3 (30. Rf1 Bd4+ 31. Kh1
Rxf1+ 32. Rxf1 Bxc3 $19) (30. Qd3 Rf4 31. Qxh3 Rh7 32. Qg2 (32. Qg3 Rh4 $1 $19)
32... Rxh2 $1 33. Qxh2 Rxg4+ 34. Qg2 Rxg2+ 35. Kxg2 Qf7 $19 {[%cal Rf7h5,Rf7f4]
/\Qh5,Qf4->}) 30... Rf4 31. Rxh3 Rxg4+ 32. Kh1 (32. Kf2 Qf7+ 33. Rf3 Qh5 $19)
32... Rh7 $1 33. Qd3 (33. Rxh7 Qxh7 34. Qb2 Bxc3 $19) 33... Rgh4 34. Rxh4 $8
Rxh4 35. h3 (35. Rc2 Qh7 $19) 35... g4 36. Rg1 Qh7 0-1

[Event "Biel Credis"]
[Site "Biel"]
[Date "1996.??.??"]
[Round "3"]
[White "Casagrande, Harald"]
[Black "Zueger, Beat"]
[Result "1-0"]
[WhiteElo "2365"]
[BlackElo "2460"]
[Annotator "Stohl,I"]
[PlyCount "49"]
[EventDate "1996.07.22"]
[EventType "tourn"]
[EventRounds "11"]
[EventCountry "SUI"]
[EventCategory "10"]
[SourceTitle "CBM 055"]
[Source "ChessBase"]
[SourceDate "1996.12.01"]
[SourceVersion "1"]
[SourceVersionDate "1996.12.01"]
[SourceQuality "1"]

1. c4 (1. Nf3 c5 2. b3 d6 3. c4 g6 4. Bb2 e5 5. e3 Bg7 6. Be2 Nc6 7. O-O Nge7
8. Nc3 O-O 9. d3 a6 10. Qd2 Rb8 11. Rfd1 b5 12. cxb5 axb5 13. d4 b4 14. Na4
cxd4 15. exd4 e4 16. Ne1 Nd5 17. Qc2 Qe8 18. Bc4 Qe6 19. g3 Na5 20. Ng2 Nxc4
21. bxc4 Nf6 22. d5 Qf5 23. c5 Ng4 24. Bxg7 Kxg7 25. cxd6 Ne5 $44 {Smyslov,
V-Mestel,AJ/Hastings/1981/}) 1... c5 2. b3 Nc6 (2... e5 3. g3 Nf6 4. Bb2 Nc6 5.
Bg2 d5 6. cxd5 Nxd5 7. Nf3 f6 8. O-O Be7 9. Nc3 Be6 10. Rc1 Rc8 11. Nh4 Nxc3
12. dxc3 c4 13. b4 O-O 14. e4 g6 15. Qxd8 Rfxd8 16. Rfd1 b5 17. Bf3 a5 18. a3
Bf8 19. Ng2 Bh6 20. Rxd8+ Rxd8 21. Rd1 Rd2 22. Rxd2 Bxd2 23. Kf1 axb4 24. axb4
Nxb4 25. cxb4 c3 26. Ba3 c2 27. Ne3 $10 {Andersson,U-Sax,G/Szirak (m/3)/1990/})
3. Bb2 e5 4. g3 (4. e3 g6 5. a3 a5 6. Nc3 Bg7 7. g3 f5 8. Bg2 Nf6 9. Nge2 O-O
10. O-O d6 11. d3 Kh8 12. Qd2 Be6 13. d4 cxd4 14. exd4 Bg8 15. d5 Nb8 16. Nb5
Na6 17. Qc2 Rc8 $132 {1/2/Gausel,E-Ernst,T/Gausdal Troll Masters/1995/}) (4.
Nc3 Nge7 5. Nf3 f5 $5 6. e3 Ng6 7. h4 Be7 8. Nd5 d6 9. h5 Nf8 10. d4 cxd4 11.
exd4 e4 12. Ng1 Bg5 13. Nh3 Bh6 14. g3 Ne6 15. Be2 O-O 16. Bc3 Bd7 17. Ne3 f4
18. Ng4 f3 19. Bf1 Nexd4 20. Nxh6+ gxh6 21. Nf4 e3 22. fxe3 Qg5 23. Kf2 Nf5 24.
Qd5+ Rf7 $13 {Andersson,U-Velimirovic,D/Niksic/1978/}) 4... g6 (4... d6 5. Bg2
Be6 6. Nc3 Qd7 7. Nf3 Bh3 $6 {The exchange of white-squared B is strategically
wrong in this type of pawn structure. Moreover it costs Black a lot of time.}
8. Bxh3 Qxh3 9. Nd5 Qd7 10. e3 Nce7 11. Nc3 Nf6 12. O-O e4 13. Ng5 d5 14. cxd5
Qf5 15. Nxf7 Kxf7 16. f3 Nexd5 17. fxe4 Nxc3 18. Bxc3 Qxe4 19. Qh5+ Ke6 20.
Qh3+ Kd6 21. b4 Kc7 22. Rac1 Rc8 23. Rf5 Qg4 24. Be5+ Kd7 25. Qf1 $44 {->,
Tal-Velimirovic /JUG-URS/1979/}) 5. Bg2 Bg7 6. e3 Nge7 7. Nc3 d6 8. Nge2 (8. d3
h5 9. Nf3 Nf5 10. h3 Be6 11. Nd5 h4 12. g4 Nh6 13. a3 f5 14. gxf5 gxf5 15. Rg1
Bf6 16. Bh1 Bxd5 17. cxd5 Ne7 18. Ng5 Bxg5 19. Rxg5 Nf7 20. Rh5 Rxh5 21. Qxh5
Qa5+ 22. Kd1 $16 {[%csl Gb2,Gh1,Re8] ^^עe8,Timman,J-Velimirovic,D/Amsterdam
IBM/1974/}) 8... Be6 9. O-O d5 $6 {Black opens the game before castling and
finishing his development. He will be severely punished for this, although
another and more serious mistake is needed for White's attack to gain strength.
} (9... O-O 10. Nd5 Rb8 (10... Bxd5 11. cxd5 Nb4 12. e4 $14) (10... f5 $5 {
[%cal Ye6f7,Ye7d5] /\Bf7,Nd5}) 11. Nec3 a6 12. a4 f5 $10) 10. cxd5 Nxd5 11. Na4
$1 (11. Ne4 b6 12. d4 f5 13. N4c3 cxd4 14. exd4 e4 $5 $15) 11... b6 12. d4 $32
cxd4 13. exd4 exd4 $2 (13... Nxd4 $142 14. Nxd4 exd4 15. Bxd4 O-O 16. Bxg7 Kxg7
17. Rc1 $14 {[%cal Gc1c8,Gg2a8] <->c,/^h1-a8}) 14. Rc1 $1 Qd7 (14... Rc8 15.
Nxd4 (15. Rxc6 Rxc6 16. Nxd4 Rc7 $1 $13) 15... Nxd4 16. Rxc8 Qxc8 17. Bxd4 Nf6
$8 (17... Bxd4 18. Qxd4 $18) (17... O-O 18. Bxg7 Kxg7 19. Bxd5 Rd8 20. Qa1+ $18
) 18. Qa1 Qd8 19. Bc6+ $40) 15. Rxc6 $1 Qxc6 16. Nxd4 Bxd4 $8 (16... Qd7 17.
Nxe6 fxe6 (17... Bxb2 $2 18. Bxd5 $18) 18. Bxg7 Qxg7 19. Bxd5 exd5 20. Qxd5 Rc8
21. Re1+ $18) 17. Qxd4 {For the sacrificed exchange Black's King is literally
under fire from the fianchettoed B and major pieces (all three central files
are open.)} f6 $8 18. Rd1 (18. Re1 $142 $5 O-O-O $1 $8 (18... Kf7 19. Nc3 Rhd8
20. Rxe6 $18) 19. Qxf6 $1 (19. Rc1 Qxc1+ 20. Bxc1 Nc7 $17) 19... Rhe8 (19...
Nxf6 20. Bxc6 Rd6 21. Bxf6 Rf8 22. Be7 $18) 20. Qh4 (20. Qg5 $5) 20... Qd7 21.
Rc1+ $40) 18... O-O-O $1 {An important tactical resource.} 19. Qd3 $5 {[%cal
Rd1c1] /\Rc1+-} (19. Rc1 $2 Qxc1+ $1 20. Bxc1 Nc7 21. Qxf6 Rd1+ 22. Bf1 Bh3 23.
Qxh8+ Kb7 $19) (19. Nc3 $6 Nxc3 20. Qxd8+ Rxd8 21. Rxd8+ Kxd8 22. Bxc6 Nxa2 23.
Bxf6+ Kc7 24. Ba4 a6 $17 {[%csl Ra4,Rb3] ><b3,Ba4}) 19... b5 $2 (19... Kb7 $2
20. Bxf6 $18) (19... Nb4 $142 20. Qxd8+ Rxd8 21. Rxd8+ Kxd8 22. Bxc6 Nxc6 23.
Bxf6+ Kd7 $14 {^-}) 20. Qf1 $5 (20. Rc1 Nc7 21. Qe3 $5 $40 (21. Qxd8+ Rxd8 22.
Bxc6 bxa4 23. Bxf6 $18)) 20... Kb8 (20... bxa4 21. Rc1 Qxc1 22. Qxc1+ Kb8 (
22... Kb7 23. Bxf6) 23. Qc6 $18) 21. Rc1 Qa6 (21... Qe8 $5 22. Nc5 Bc8 (22...
Rc8 23. Bxf6 $1 Nxf6 24. Na6#) 23. Bxf6 $1 Nxf6 24. Re1 $40 {[%csl Rb8] עb8
Black is forced to givev back his Q and his K will be subjected to a very
strong attack.}) 22. Rc5 Nc7 $8 23. Bxf6 $1 bxa4 24. Qxa6 Nxa6 25. Be5+ (25.
Be5+ Nc7 26. Bxc7+ Kc8 27. Be5+ Kd7 28. Rc7+ Ke8 29. Bc6+ Kf8 30. Bxh8 $18) 1-0